000 00317nam a2200133Ia 4500
005 20260328101443.0
008 260328s9999||||xx |||||||||||||| ||und||
100 _aBonfanti, Ezio
245 0 _aArquitectura Racional /
_cEzio Bonfanti
260 _bAlianza
300 _a304 p.
650 _aARQUITECTURA
942 _cBK
999 _c8353
_d8353